Power system voltage stability modelling and prediction /
Saved in:
| Main Author: | |
|---|---|
| Format: | Thesis Book |
| Language: | English |
| Published: |
1995.
|
| Subjects: | |
| Tags: |
Add Tag
No Tags, Be the first to tag this record!
|
| LEADER | 01103cam a2200265 a 4500 | ||
|---|---|---|---|
| 001 | u404877 | ||
| 003 | SIRSI | ||
| 008 | 910522s1995 my t 00 1 eng m | ||
| 035 | |a ACB-7054 | ||
| 040 | |a UMM | ||
| 090 | |a TK1005 |b Mahm | ||
| 091 | |a Microfiche 14892 | ||
| 100 | 0 | 0 | |a Moghavvemi, Mahmoud |
| 245 | 1 | 0 | |a Power system voltage stability modelling and prediction / |c Mahmoud Moghavvemi. |
| 260 | |c 1995. | ||
| 270 | 1 | |g Mahmoud Moghavvemi. |a Universiti Malaya. Fakulti Kejuruteraan. Jabatan Kejuruteraan Elektrik. | |
| 300 | |a xiv, 249 leaves [append.], |b ill. ; |c 29 cm. | ||
| 500 | |a Microfiche. Kuala Lumpur : University of Malaya Library, 2000. 3 fiches : negative ; 11 x 15 cm. | ||
| 502 | |a Thesis (Ph.D) -- Jabatan Kejuruteraan Elektrik, Fakulti Kejuruteraan, Universiti Malaya, 1996 | ||
| 504 | |a Includes bibliographical references. | ||
| 650 | 0 | |a Electric power system stability. | |
| 710 | 2 | 0 | |a Universiti Malaya. |b Jabatan Kejuruteraan Elektrik. |
| 948 | |a 21/11/1996 |b 27/06/2002 | ||
| 596 | |a 1 | ||
| 999 | |a F TK1005 MAHM. |w LC |c 1 |i A506426513 |d 30/12/1998 |l STACKS |m P01UTAMA |n 12 |r Y |s Y |t TESIS |u 28/12/1996 | ||
